Statistics for Word Hunt (Form: Word 8: Slug)

Click here to take the quiz!

General Stats

  • This quiz has been taken 45 times
  • The average score is 7 of 8

Answer Stats

Number
Word 2 : Apple
Answer
Word 6 : John
% Correct
5Carrot
97%
1Facebook
97%
2Apple
94%
3Croatia
94%
6John
94%
8Slug
94%
4Post it
88%
7Teacher
82%

Score Distribution

Percentile by Number Answered

Percent of People with Each Score

Your Score History

You have not taken this quiz